000 00685nam#a2200205#c#4500
999 _c109026
_d109026
003 IEF
005 20250221193206.0
007 ta
008 941205s1960 be fr | 0||u|ger |u
040 _aES-MaIEF
_bspa
_cES-MaIEF
100 1 _aMeier, Hellmut
_929019
245 1 4 _aDie entwicklung des haushaltswesens in der sowjetischen besatzungszone deutschlands
_c Hellmut Meier
260 _aBerlin
_bDuncker et Humblot
_c1960
300 _a191 p.
_c26 cm
490 _aOsteuropa Institut an der Freien Universitat Berlín = Wirtschaftswissenschaftliche veröffentlechungen ;
_vBand 10
650 4 _948131
_aPRESUPUESTOS
650 4 _925193
_aALEMANIA
942 _cLIB